000
00245nam a2200097Ia 4500
082
_a
635 HUNT
245
0
_a
Gardening
100
_a
HUNTER, Jane McMorland London, 2003
_9
92705
942
_c
BK
008
210817s9999 xx 000 0 und d
999
_c
378343
_d
378342